000 00878nmc a2200325 a 4500
003 AR-BaBNM
005 20251128210740.0
008 261020s2000 ||||||||||||||000 | spa||
020 _a950-23-0997-x
040 _cAR-BaBNM
245 1 0 _aArgentina
_btrabajadores entre dos guerras
260 _aBuenos Aires
_bEudeba
_c2000
300 0 _a218 p.
_btablas
490 0 _aMundo contemporaneo
600 1 4 _aFresco, Manuel
600 1 4 _aArlt, Roberto
650 4 _aHISTORIA ARGENTINA
650 4 _aJUBILACION
650 4 _aHISTORIA POLITICA ARGENTINA
650 4 _aHISTORIA CULTURAL
650 4 _aSIGLO VEINTE
650 4 _aPOLITICA LABORAL
650 4 _aPRESIDENCIAS ARGENTINAS
653 0 _aMODELO AGROEXPORTADOR
653 0 _aRADICALISMO
700 1 _aPanettieri, José
_ecompilador
800 1 _aPozzi, Pablo
_edirector
942 _cBK
998 _cMariana
999 _c16732
_d16732